| 000 | 00782nam a22003010a 4500 | ||
|---|---|---|---|
| 001 | PT57697 | ||
| 003 | AR-LpoUNG | ||
| 005 | 20210131231835.0 | ||
| 008 | 191001s2007||||ag |||||||||||||||||spa d | ||
| 020 |
_a9789505811465 _c$8 |
||
| 040 |
_aAR-LpoUNG _bspa _cAR-LpoUNG _eaacr |
||
| 041 | _aspa | ||
| 044 | _aag | ||
| 082 | 0 | _aA863 15cue | |
| 100 | 1 | _aOcampo, Silvina | |
| 245 | 1 | 0 |
_aCuentos difĂciles : _bantologĂa |
| 250 | _a1ra. ed., 2da. reimpr. | ||
| 260 |
_aBuenos Aires : _bColihue, _c2007. |
||
| 300 |
_a120 p. : _bfot. |
||
| 650 | 4 | _aANTOLOGIAS | |
| 650 | 4 | _aCUENTOS | |
| 650 | 4 | _aLITERATURA | |
| 651 | 4 | _aDOCUMENTOS TEORICOS O METODOLOGICOS | |
| 653 | _aLITERATURA ARGENTINA | ||
| 700 | 1 |
_aPrestigiacomo, Raquel _esel. |
|
| 905 | _a57697 | ||
| 942 | _cLIB | ||
| 999 |
_c12170 _d12170 |
||